| 000 | 01018cam a2200313 a 4500 | ||
|---|---|---|---|
| 999 |
_c17093 _d17065 |
||
| 001 | 13935478 | ||
| 003 | EG-ScBUE | ||
| 005 | 20200823120337.0 | ||
| 008 | 050419t2006 njua f b 001 0 eng d | ||
| 020 | _a9780471241959 | ||
| 020 | _a0471241959 | ||
| 040 |
_aEG-ScBUE _beng _erda _cEG-ScBUE _dEG-ScBUE |
||
| 082 | 0 | 4 |
_a621.3822 _bCOV _222 |
| 100 | 1 |
_aCover, T. M., _d1938- _eauthor. _931396 |
|
| 245 | 1 | 0 |
_aElements of information theory / _cThomas M. Cover, Joy A. Thomas. |
| 250 | _aSecond edition. | ||
| 264 | 1 |
_aHoboken, New Jersey : _bJohn Wiley & Sons, Inc., _c[2006] |
|
| 264 | 4 | _cc2006 | |
| 300 |
_axxiii, 748 pages : _billustrations ; _c25 cm |
||
| 336 |
_2rdacontent _atext _btxt |
||
| 337 |
_2rdamedia _aunmediated _bn |
||
| 338 |
_2rdacarrier _avolume _bnc |
||
| 504 | _aIncludes bibliographical references and index. | ||
| 650 | 7 |
_aInformation theory. _2BUEsh _931397 |
|
| 653 |
_cNovember2012 _bGGEN |
||
| 655 |
_vReading book _934232 |
||
| 700 | 1 |
_aThomas, Joy A., _eauthor. _931398 |
|
| 942 |
_2ddc _cBB |
||